Madryt - quiz wielokrotnego wyboru - Statystyki

Ogólne statystyki
  • Ten quiz został rozwiązany 640 razy
    632 od ostatniego zresetowania
  • Średni wynik to 6 z 10
Statystyki odpowiedzi
Zagadnienie Odpowiedź % Poprawnych
Który zawodnik jest najlepszym strzelcem w historii Realu Madryt? Cristiano Ronaldo
89%
Która z podanych postaci została stworzona przez Miguela de Cervantes? Don Kichot
79%
W którym średniowiecznym królestwie był położony Madryt? Kastylia
74%
Jaka jest najsłynniejsza galeria sztuki w mieście? El Prado
72%
Która z poniższych sławnych ulic znajduje się w Madrycie? Gran Via
57%
Która dawna stolica jest położona około 65 km na południowy zachód od Madrytu? Toledo
57%
Co jest legalne w Madrycie, ale zabronione w Barcelonie? Bitwy byków
52%
Czyje szczątki zostały ekshumowane w 2019 z hiszpańskiej Doliny Poległych? Francisco Franco
46%
Francisco Goya był hiszpańskim artystą epoki romantyzmu. Które z poniższych dzieł sztuki zostało namalowane przez niego?
39%
Która z podanych rzek przepływa przez Madryt? Manzanares
28%
Nie znaleziono quizów pasujących do podanych kryteriów
Rozkład punktacji
Procent ludzi z każdym wynikiem
Percentyl według liczby udzielonych odpowiedzi
Twoja historia wyników
Nie rozwiązałeś tego quizu od ostatniego zresetowania